• 首页
  • 本馆介绍
  • 公告通知
  • 最新文献
  • 馆藏检索
  • 电子资源
  • 读者导购
  • 参考咨询
  • 我的图书馆
  • 登录
  • 详细信息显示
  • 放入我的书架
  • 预约/预借图书
  • 作者相关作品
  • 分类相关作品
  • 丛书相关作品
  • 出版社相关作品

书目信息

  • 表格格式
  • 工作单格式
  • 卡片格式
题名:
工程振动学
    
 
作者: 中川宪治 著 ;夏生荣 译
分册:  
出版信息: 上海   上海科学技术出版社  1981
页数: 276页
开本: 19cm
丛书名:
单 册:
中图分类: O324
科图分类:
主题词: 工程力学-振动理论 , 振动理论-工程力学 , 振动理论
电子资源:
ISBN:
000 00755nam0 2200277 45
001 0181000220
005 20040518100946.6
010    @dCNY0.84
091    @a15119.2143
100    @a19950227d1981 em y0chiy0121 ea
101 1  @achi@cjpn
102    @aCN@b310000
105    @ay z 000yy
106    @ar
200 10 @a工程振动学@Agong cheng zhen dong xue@f(日)中川宪治等著@g夏生荣译
210    @a上海@c上海科学技术出版社@d1981
215    @a276页@d19cm
606    @a工程力学-振动理论
606    @a振动理论-工程力学
606 0  @a振动理论
690    @aO324
701  0 @a中川宪治@Azhong chuan xian zhi@4著
702  0 @a夏生荣@Axia sheng rong@4译
801  0 @aCN@b上海图书馆@c20040518
801  2 @aCN@bNLC@c20040518
905    @f1@b73707@dO324@e5
    
    工程振动学/(日)中川宪治等著/夏生荣译.-上海:上海科学技术出版社,1981
    276页;19cm
    
    
    ISBN :CNY0.84
    
●
相关链接 在E读中查询图书 在五车中查询图书 在当当中查询图书 在豆瓣中查询图书


正题名:工程振动学     索取号:O324/5         预约/预借

序号 登录号 条形码 馆藏地/架位号 状态 备注
1 0073707   000384079   第三借阅区/ [索取号:O324/5] 在馆    
2 0073708   000384060   第二样本阅览室/ [索取号:O324/5] 在馆    
唐山师范学院图书馆 欢迎您!
大连网信软件有限公司© 版权所有